| 000 | 00729nam a2200217Ia 4500 | ||
|---|---|---|---|
| 003 | GCL | ||
| 008 | 140319s9999 xx 000 0 eng d | ||
| 020 | _a0312155069 | ||
| 040 |
_aGCL / _cGCL |
||
| 082 | 0 | 4 |
_a956.04 _bS C |
| 100 | 1 | _aSEGEV, SAMUEL | |
| 245 | 1 | 0 |
_aCROSSING THE JORDAN : _bISRAEL'S HARD ROAD TO PEACE / _cSEGEV, SAMUEL |
| 260 |
_aنيويورك : _bST. MARTINS PRESS ، _c1998 |
||
| 300 |
_a22 CM ؛ _cX11, 420 P |
||
| 650 | 0 | 4 | _aISRAEL - FOREIGN RELATIONS - U.S.A |
| 650 | 0 | 4 | _aUNITED STATES - FOREIGN RELATIONS - ISRAEL |
| 650 | 0 | 4 | _aISRAEL - ARAB CONFLICT - 1973 - 1993 |
| 650 | 0 | 4 | _aISRAEL - ARAB CONFLICT - 1993 - PEACE |
| 650 | 0 | 4 | _aUNITED STATES - FOREIGN RELATIONS - 20 th CENTURY |
| 942 |
_2ddc _cBK |
||
| 999 |
_c4644 _d4644 |
||